02098cam a2200385 i 4500003000900000005001700009008004100026020003600067020003900103035002700142040003300169082001700202100003200219245004400251264006600295300004400361336002100405337002500426338002300451504004000474504003500514505101500549526001001564526001001574526001001584526001001594526000801604526000801612526000801620526000801628526000801636526000801644526000801652600005201660PE-LiUPU20250731172906.0150506s2015 miu rb 001 0 eng  a0802868894 (cloth : alk. paper) a9780802868893 (cloth : alk. paper) a(Sirsi) i9780802868893 aPE-LiUPUbspacPE-LiUPUerda00a227bB242201 aBarclay, John M. G,euator.10aPaul and the gift /cJohn M.G. Barclay. 1aGrand Rapids, Michigan :bEerdmans Publishing Company,c2015. axvi, 656 páginas ;c24 centímetros. atext2rdacontent aunmediated2rdamedia avolume2rdacarrier aBibliografía : páginas 583-619. aÍndices : páginas 620-656.0 aI. THE MULTIPLE MEANINGS OF GIFT AND GRACE. The Anthropology and History of the Gift -- The Perfections of Gift/Grace -- Interpreting Paul on Grace: Shifting Patterns of Perfection -- II. DIVINE GIFT IN SECOND TEMPLE JUDAISM. The Wisdom of Solomon -- Philo of Alexandria -- The Qumran Hodayot -- Pseudo-Philo, Liber Antiquitatum Biblicarum -- 4 Ezra -- The Diverse Dynamics of Grace in Second Temple Judaism -- III. GALATIANS: THE CHRIST-GIFT AND THE RECALIBRATION OF WORTH. Configuring Galatians -- The Christ-Gift and the Recalibration of Norms (Galatians 1-2) -- The Christ-Gift, the Law, and the Promise (Galatians 3:1-5:12, with 6:11-18) -- The New Community as the Expression of the Gift (Galatians 5:13-6:10) -- IV. ROMANS: ISRAEL, THE GENTILES, AND GOD'S CREATIVE GIFT. The Creative Gift and Its Fitting Result (Romans 1:1-5:11) -- New Life in Dying Bodies: Grace and the Construction of a Christian Habitus (Romans 5:12-8:39; 12:1-15:13) -- Israel, Christ, and the Creative Mercy of God (Romans 9-11). aSEG42 aSEG41 aSEG40 aSEG39 aP94 aP87 aP86 aP85 aP77 aP76 aP3504aPaulus,cvan Tarsus,dapproximately 6 v.Chr-67.